00385pab a2200133 454500008004000000100003100040245008200071260000900153300001400162362000800176650002300184650001200207773003200219180718b2011 xxu||||| |||| 00| 0 eng d aChaudhry, Theresa Thompson aContracting and efficiency in the surgical goods cluster of Sialkot, Pakistan c2011 ap.91-115. aMar aSurgery - Pakistan aSurgery aSouth Asia Economic Journal